| 000 | 00606cam a22002171 4500 | ||
|---|---|---|---|
| 001 | sa 65004542 | ||
| 003 | DLC | ||
| 005 | 20260227112131.0 | ||
| 008 | 800516s1962 ii 000 0 eng | ||
| 010 | _asa 65004542 | ||
| 025 | _aPL480:I-E-1556 | ||
| 035 | _a(OCoLC)6324357 | ||
| 040 |
_aDLC _cMH _dDLC |
||
| 042 | _apremarc | ||
| 050 | 0 | 0 |
_aDS480.85 _b.P28 |
| 100 | 1 | _aPaliwal, Om Prakash. | |
| 245 | 1 | 0 | _aChina's wrong conception of India. |
| 260 |
_aNew Delhi, _bIndian Association for Afro-Asian Solidarity _c[1962] |
||
| 300 |
_aix, 20 p. _c22 cm. |
||
| 650 | 0 | _aSino-Indian Border Dispute, 1957- | |
| 999 |
_c63810 _d63810 |
||